Manažéri v 21. storočí

Najdôležitejšie schopnosti manažéra. Rozdiely medzi manažérom a lídrom. Základná úloha každého manažéra. Efektívne delegovanie.

Na minha lista:
Detalhes bibliográficos
Autor principal: Poniščiaková, Oľga
Formato: Capítulo de Livro
Idioma:eslovaco
Assuntos:
Tags: Adicionar Tag
Sem tags, seja o primeiro a adicionar uma tag!

MARC

LEADER 00000naa a2200000 4500
001 0184370
005 20231120134217.1
041 0 |a slo 
044 |a SK 
245 1 0 |a Manažéri v 21. storočí  |c Oľga Poniščiaková 
520 |a Najdôležitejšie schopnosti manažéra. Rozdiely medzi manažérom a lídrom. Základná úloha každého manažéra. Efektívne delegovanie. 
610 2 0 |a manažéri 
610 2 0 |a schopnosti pracovné 
610 2 0 |a lídri 
100 1 |a Poniščiaková, Oľga